<The> Disintegration of the Ruble Zone Driving Forces and Proposals for Policy Change
Guardado en:
| Autor principal: | |
|---|---|
| Formato: | Libro |
| Lenguaje: | inglés |
| Publicado: |
Kiel
Institut für Weltwirtschaft
1993
|
| Colección: | Kiel Working Paper
No.585 |
| Materias: | |
| Etiquetas: |
Sin Etiquetas, Sea el primero en etiquetar este registro!
|
MARC
| LEADER | 00000nam a2200000 4500 | ||
|---|---|---|---|
| 001 | c005343 | ||
| 005 | 20250521092911.8 | ||
| 041 | 0 | |a eng | |
| 044 | |a DE | ||
| 245 | 1 | 0 | |a <The> Disintegration of the Ruble Zone |b Driving Forces and Proposals for Policy Change |c Lucjan T. Orlowski |
| 264 | 1 | |a Kiel |b Institut für Weltwirtschaft |c 1993 | |
| 300 | |a 33 s. | ||
| 490 | 1 | |a Kiel Working Paper |v No.585 | |
| 830 | 0 | |a Kiel Working Paper |v No.585 | |
| 610 | 2 | 0 | |a Spoločenstvo nezávislých štátov |
| 610 | 2 | 0 | |a rubeľ |
| 610 | 2 | 0 | |a politika menová |
| 610 | 2 | 0 | |a mena |
| 610 | 2 | 0 | |a úver |
| 610 | 2 | 0 | |a inflácia |
| 100 | 1 | |a Orlowski, Lucjan T. | |